[Event "Titled Tuesday intern op 09th Jul Late"]
[Site "Chess.com INT"]
[Date "2024.07.09"]
[Round "5"]
[White "Krylov, Ivan"]
[Black "Bynum, Jacorey"]
[Result "0-1"]
[WhiteElo "2426"]
[BlackElo "2060"]
[PlyCount "138"]
[EventDate "2024.07.09"]
[EventType "swiss (blitz)"]
[EventRounds "11"]
[EventCountry "USA"]
[SourceTitle "EXT 2025"]
[Source "ChessBase"]
[SourceDate "2024.10.14"]
[SourceVersion "1"]
[SourceVersionDate "2024.10.14"]
[SourceQuality "1"]

1. d4 Nf6 2. Bf4 c5 3. d5 Qb6 4. Nc3 d6 5. e4 g6 6. Rb1 Bg7 7. Nf3 0-0 8. h3 Qa5 9. Nd2 a6 10. Bd3 b5 11. 0-0 Nbd7 12. a4 b4 13. Nc4 Qd8 14. Ne2 a5 15. Re1 Ba6 16. Nc1 Bxc4 17. Bxc4 Nb6 18. Bb5 c4 19. Qf3 Nfd7 20. Ne2 Rc8 21. Qe3 Nc5 22. b3 cxb3 23. cxb3 e5 24. Bh2 Qe7 25. Rec1 f5 26. f3 f4 27. Qd2 Rc7 28. Kf1 Rfc8 29. Bc6 Nbd7 30. Bg1 Na6 31. Bb5 Ndc5 32. Bxa6 Nxa6 33. Rc6 Nb8 34. Rxc7 Qxc7 35. Rc1 Qb7 36. Rxc8+ Qxc8 37. Qc1 Qd8 38. Qc4 Nd7 39. Qc6 Bf8 40. Bf2 Nb8 41. Qb7 Nd7 42. Nc1 Nf6 43. Nd3 Nh5 44. Qb6 Ng3+ 45. Ke1 Qg5 46. Qxa5 Nxe4 47. fxe4 Qxg2 48. Qxb4 Qxh3 49. a5 Qxd3 50. Qa4 f3 51. Qc4 Qb1+ 52. Kd2 Bh6+ 53. Kc3 Qa1+ 54. Kb4 Bd2+ 55. Kb5 Qxa5+ 56. Kc6 Bb4 57. Kd7 Bc5 58. Bxc5 Qxc5 59. Qf1 f2 60. Ke6 Kg7 61. Qg2 Qc8+ 62. Ke7 Qb7+ 63. Ke6 Qf7+ 64. Kxd6 f1Q 65. Qg3 Q7f4 66. Qh3 Qd2 67. Qd7+ Qf7 68. Qh3 Qb4+ 69. Kc6 Qfb7# 0-1

[Event "Titled Tuesday intern op 02nd Jul Late"]
[Site "Chess.com INT"]
[Date "2024.07.02"]
[Round "2"]
[White "Golsefidy, Sepehr"]
[Black "Krylov, Ivan"]
[Result "0-1"]
[WhiteElo "2018"]
[BlackElo "2426"]
[PlyCount "62"]
[EventDate "2024.07.02"]
[EventType "swiss (blitz)"]
[EventRounds "11"]
[EventCountry "USA"]
[SourceTitle "EXT 2025"]
[Source "ChessBase"]
[SourceDate "2024.10.14"]
[SourceVersion "1"]
[SourceVersionDate "2024.10.14"]
[SourceQuality "1"]

1. d4 Nf6 2. c4 g6 3. Nc3 Bg7 4. e4 d6 5. h3 0-0 6. Be3 Qe8 7. g4 b6 8. g5 Nfd7 9. h4 c5 10. d5 e6 11. h5 Bb7 12. Bg2 exd5 13. exd5 Ne5 14. h6 Bh8 15. Qe2 Ba6 16. b3 Nxc4 17. Rc1 Ne5 18. Qc2 Nd3+ 19. Kd2 Nxc1 20. Kxc1 Qe5 21. Nge2 Bxe2 22. Nxe2 Nd7 23. Bf4 Qe7 24. Rh3 Rfe8 25. Re3 Ne5 26. Bxe5 Bxe5 27. Kb1 Qxg5 28. Be4 Qxh6 29. Qd3 Bh8 30. Rh3 Qg7 31. Ng3 Qb2# 0-1

[Event "Titled Tuesday intern op 02nd Jul Late"]
[Site "Chess.com INT"]
[Date "2024.07.02"]
[Round "5"]
[White "Zhigalko, Sergei"]
[Black "Krylov, Ivan"]
[Result "1-0"]
[WhiteElo "2572"]
[BlackElo "2426"]
[PlyCount "97"]
[EventDate "2024.07.02"]
[EventType "swiss (blitz)"]
[EventRounds "11"]
[EventCountry "USA"]
[SourceTitle "EXT 2025"]
[Source "ChessBase"]
[SourceDate "2024.10.14"]
[SourceVersion "1"]
[SourceVersionDate "2024.10.14"]
[SourceQuality "1"]

1. e4 c5 2. Nf3 Nc6 3. c3 d5 4. exd5 Qxd5 5. d4 Nf6 6. dxc5 Qxc5 7. Na3 a6 8. Be3 Qd5 9. Qa4 Bd7 10. Qh4 e6 11. Nc4 Qh5 12. Qxh5 Nxh5 13. 0-0-0 Rd8 14. Nb6 Nf6 15. h3 e5 16. Bc4 Bf5 17. Rxd8+ Nxd8 18. Nxe5 Bd6 19. Nf3 0-0 20. Rd1 Bb8 21. Nd5 Nxd5 22. Bxd5 h6 23. Nd4 Bc8 24. Re1 Re8 25. Bd2 Rxe1+ 26. Bxe1 Kf8 27. Bd2 Ke7 28. Kc2 Bd6 29. Kd3 Bc5 30. Be3 Bd6 31. c4 h5 32. a3 g6 33. b4 Bc7 34. Bg5+ f6 35. Be3 Bd7 36. Be4 Kf7 37. c5 Kg7 38. Bd5 Bc8 39. Ne2 Nf7 40. Bf4 Ne5+ 41. Kc3 Kf8 42. Nd4 Ke7 43. Be4 f5 44. Bd5 Kf6 45. h4 Bb8 46. g3 Bc7 47. Bg5+ Kg7 48. Be6 Bxe6 49. Nxe6+ 1-0

[Event "Titled Tuesday intern op 02nd May Early"]
[Site "Chess.com INT"]
[Date "2023.05.02"]
[Round "1"]
[White "Krylov, Ivan"]
[Black "Risteski, Emil"]
[Result "0-1"]
[WhiteElo "2426"]
[BlackElo "2366"]
[PlyCount "128"]
[EventDate "2023.05.02"]
[EventType "swiss (blitz)"]
[EventRounds "11"]
[EventCountry "USA"]
[SourceTitle "EXT 2024"]
[Source "ChessBase"]
[SourceDate "2023.10.10"]
[SourceVersion "1"]
[SourceVersionDate "2023.10.10"]
[SourceQuality "1"]

1. e4 d6 2. d4 Nf6 3. Nc3 e5 4. d5 Be7 5. f3 0-0 6. Be3 c6 7. Bc4 b5 8. Bb3 b4 9. Nce2 Bb7 10. dxc6 Bxc6 11. Ng3 d5 12. exd5 Nxd5 13. Bf2 a5 14. N1e2 Na6 15. 0-0 Bg5 16. Ne4 Bh6 17. Bxd5 Bxd5 18. N2g3 f5 19. Nc5 Nxc5 20. Bxc5 Rf7 21. Qe2 Rc8 22. Qf2 Qe8 23. Rad1 Qc6 24. Bb6 a4 25. c3 bxc3 26. bxc3 g6 27. a3 Bg7 28. Ba5 Bb3 29. Rd2 h5 30. Bb4 Rd7 31. Rxd7 Qxd7 32. Re1 Bf6 33. Nf1 Kg7 34. Ne3 Rd8 35. Qg3 Kh6 36. h4 f4 37. Qf2 fxe3 38. Qxe3+ Kg7 39. Qe4 Qd5 40. Qe2 Qd2 41. Qe4 Bd5 42. c4 Bxe4 43. Bxd2 Bd3 44. c5 Rc8 45. Bb4 Kf7 46. g3 Bc4 47. Kf2 Bd5 48. Rc1 Bc6 49. Rd1 Rd8 50. Rc1 Rd3 51. Rc3 Rxc3 52. Bxc3 Ke6 53. Ke3 Kd5 54. Bb4 Be7 55. f4 exf4+ 56. Kxf4 Bxc5 57. Bxc5 Kxc5 58. Kg5 Kc4 59. Kxg6 Bf3 60. Kg5 Bg4 61. Kf4 Kb3 62. Ke3 Kxa3 63. Kd3 Kb2 64. Kd2 a3 0-1

[Event "Titled Tuesday intern op 27th Sep Late"]
[Site "Chess.com INT"]
[Date "2022.09.27"]
[Round "2"]
[White "Sam, Gabriel"]
[Black "Krylov, Ivan"]
[Result "1-0"]
[WhiteElo "2276"]
[BlackElo "2426"]
[PlyCount "77"]
[EventDate "2022.09.27"]
[EventType "swiss (blitz)"]
[EventRounds "11"]
[EventCountry "USA"]
[SourceTitle "CBM 210 Extra"]
[Source "ChessBase"]
[SourceDate "2022.11.30"]
[SourceVersion "1"]
[SourceVersionDate "2022.11.30"]
[SourceQuality "1"]

1. e4 c5 2. Nf3 e6 3. d4 cxd4 4. Nxd4 Qb6 5. Nb3 Nc6 6. Nc3 Nf6 7. Be3 Qc7 8. f3 a6 9. Qd2 b5 10. g4 Bb7 11. g5 Ne5 12. Be2 Ng8 13. 0-0-0 Bb4 14. Bd4 0-0-0 15. Kb1 Ne7 16. Nxb5 Bxd2 17. Nxc7 N7c6 18. Bb6 Bxg5 19. Nxa6 Bxa6 20. Bxa6+ Kb8 21. Bxd8 Rxd8 22. Rhf1 Bf4 23. Nc5 Ka7 24. Be2 Kb6 25. Nb3 f6 26. a4 h6 27. Bb5 Bxh2 28. f4 Ng4 29. Rd2 h5 30. Be2 e5 31. Bxg4 hxg4 32. Rxh2 exf4 33. Rxf4 g3 34. Rg2 g5 35. Rxf6 Rg8 36. a5+ Kb7 37. Rxg3 Ne5 38. Rf5 Nc6 39. Rfxg5 1-0

[Event "Titled Tuesday intern op 26th Jul Early"]
[Site "Chess.com INT"]
[Date "2022.07.26"]
[Round "10"]
[White "Gracia Alvarez, Gerardo Antonio"]
[Black "Krylov, Ivan"]
[Result "1-0"]
[WhiteElo "2237"]
[BlackElo "2426"]
[PlyCount "37"]
[EventDate "2022.07.26"]
[EventType "swiss (blitz)"]
[EventRounds "11"]
[EventCountry "USA"]
[SourceTitle "EXT 2023"]
[Source "ChessBase"]
[SourceDate "2022.10.05"]
[SourceVersion "1"]
[SourceVersionDate "2022.10.05"]
[SourceQuality "1"]

1. e4 c6 2. c4 d5 3. cxd5 cxd5 4. exd5 Nf6 5. Qa4+ Bd7 6. Qb3 Qb6 7. Nc3 g6 8. Nf3 Bg7 9. Bc4 0-0 10. 0-0 Rc8 11. Re1 Bf8 12. d4 Na6 13. Bg5 Qc7 14. Bd3 Qd6 15. Ne5 Nb4 16. Bc4 Nc2 17. Qxc2 Bf5 18. Qb3 Ne4 19. Nxe4 1-0

[Event "Titled Tuesday intern op 26th Jul Early"]
[Site "Chess.com INT"]
[Date "2022.07.26"]
[Round "6"]
[White "Krylov, Ivan"]
[Black "Dilmukhametov, Artur"]
[Result "1-0"]
[WhiteElo "2426"]
[BlackElo "2276"]
[PlyCount "121"]
[EventDate "2022.07.26"]
[EventType "swiss (blitz)"]
[EventRounds "11"]
[EventCountry "USA"]
[SourceTitle "EXT 2023"]
[Source "ChessBase"]
[SourceDate "2022.10.05"]
[SourceVersion "1"]
[SourceVersionDate "2022.10.05"]
[SourceQuality "1"]

1. e4 e6 2. d4 d5 3. Nc3 Bb4 4. Bd3 c5 5. exd5 exd5 6. dxc5 Bxc5 7. Nf3 Qe7+ 8. Qe2 d4 9. Qxe7+ Nxe7 10. Ne4 Bb6 11. Nd6+ Kd7 12. Nxf7 Re8 13. N7e5+ Kd8 14. Nf7+ Kd7 15. N7e5+ Kd8 16. Bxh7 Nf5 17. Bg5+ Kc7 18. 0-0-0 Nc6 19. Nxc6 bxc6 20. Bxf5 Bxf5 21. Nxd4 Bg6 22. Be3 Rad8 23. Rhe1 Kb7 24. Nf3 Bxe3+ 25. Rxe3 Rxd1+ 26. Kxd1 Rxe3 27. fxe3 Kb6 28. Kd2 Kc5 29. Kc3 a5 30. a4 Be4 31. b3 g6 32. h4 Bf5 33. Ne5 Be4 34. g3 Bf5 35. Nc4 Bg4 36. Nxa5 Bf5 37. Nc4 Be4 38. Ne5 Bf5 39. g4 Be4 40. h5 gxh5 41. gxh5 Bf5 42. h6 Be4 43. Nf7 Bh7 44. Ng5 Bg6 45. h7 Bxh7 46. Nxh7 Kd5 47. Nf6+ Kc5 48. Nd7+ Kd5 49. a5 Kd6 50. Nb6 Kc7 51. Kc4 Kb7 52. Kc5 Ka6 53. b4 Ka7 54. e4 Ka6 55. e5 Kb7 56. e6 Ka6 57. e7 Kb7 58. e8Q Kc7 59. Qd7+ Kb8 60. Qc8+ Ka7 61. Qa8# 1-0

[Event "Titled Tuesday intern op 26th Jul Early"]
[Site "Chess.com INT"]
[Date "2022.07.26"]
[Round "3"]
[White "Krylov, Ivan"]
[Black "Flynn, Jacob"]
[Result "1-0"]
[WhiteElo "2426"]
[BlackElo "2199"]
[PlyCount "99"]
[EventDate "2022.07.26"]
[EventType "swiss (blitz)"]
[EventRounds "11"]
[EventCountry "USA"]
[SourceTitle "EXT 2023"]
[Source "ChessBase"]
[SourceDate "2022.10.05"]
[SourceVersion "1"]
[SourceVersionDate "2022.10.05"]
[SourceQuality "1"]

1. e4 c5 2. Nf3 Nc6 3. Bb5 g6 4. Bxc6 dxc6 5. Nc3 Bg7 6. 0-0 e5 7. d3 Bg4 8. h3 Bxf3 9. Qxf3 Nf6 10. Be3 Nd7 11. a4 0-0 12. a5 Qe7 13. Qe2 f5 14. exf5 gxf5 15. f4 exf4 16. Bxf4 Qxe2 17. Nxe2 Rae8 18. Nc3 Bxc3 19. bxc3 Re2 20. Rf2 Rfe8 21. Rb1 Re1+ 22. Rxe1 Rxe1+ 23. Kh2 Ra1 24. Bc7 Ra2 25. d4 cxd4 26. cxd4 Nf6 27. Rxf5 Nd5 28. Bd6 Rxc2 29. Rf8+ Kg7 30. Rb8 Rb2 31. Re8 Kf7 32. Rh8 Ke6 33. Bb8 a6 34. Rxh7 Ne3 35. Rg7 Nf5 36. Rg6+ Kf7 37. Rg4 Rb5 38. Bc7 Rd5 39. Bb6 Ne3 40. Rf4+ Kg6 41. Re4 Nc4 42. Re7 Nd6 43. Rd7 Kf6 44. Bc7 Nb5 45. Rxd5 cxd5 46. Bb6 Kf5 47. Kg3 Ke4 48. h4 Nxd4 49. Bxd4 Kxd4 50. h5 1-0

[Event "Titled Tuesday intern op 19th Apr Early"]
[Site "Chess.com INT"]
[Date "2022.04.19"]
[Round "8"]
[White "Krylov, Ivan"]
[Black "Piliczewski, Bogusz"]
[Result "1-0"]
[WhiteElo "2426"]
[BlackElo "1912"]
[PlyCount "65"]
[EventDate "2022.04.19"]
[EventType "swiss (blitz)"]
[EventRounds "11"]
[EventCountry "USA"]
[SourceTitle "EXT 2023"]
[Source "ChessBase"]
[SourceDate "2022.10.05"]
[SourceVersion "1"]
[SourceVersionDate "2022.10.05"]
[SourceQuality "1"]

1. e4 c6 2. d4 d5 3. exd5 cxd5 4. c4 Nf6 5. Nc3 Nc6 6. Nf3 a6 7. cxd5 Nxd5 8. Bd3 Bg4 9. Nxd5 Qxd5 10. Be3 Bxf3 11. gxf3 e6 12. Be4 Bb4+ 13. Ke2 Qd6 14. Rc1 Rc8 15. Qa4 0-0 16. Bxc6 Rxc6 17. Rxc6 bxc6 18. Qxa6 Qd5 19. Rc1 Qb5+ 20. Qxb5 cxb5 21. a3 Be7 22. h3 Rd8 23. Rc7 Bf6 24. Rb7 g6 25. Rxb5 Bxd4 26. Bxd4 Rxd4 27. b4 f5 28. a4 Rc4 29. a5 Rc2+ 30. Kf1 Rc3 31. a6 Rc7 32. Rb8+ Kf7 33. Rb7 1-0

[Event "Titled Tuesday intern op 19th Apr Early"]
[Site "Chess.com INT"]
[Date "2022.04.19"]
[Round "11"]
[White "Krylov, Ivan"]
[Black "Vidonyak, Roman"]
[Result "1-0"]
[WhiteElo "2426"]
[BlackElo "2442"]
[PlyCount "81"]
[EventDate "2022.04.19"]
[EventType "swiss (blitz)"]
[EventRounds "11"]
[EventCountry "USA"]
[SourceTitle "EXT 2023"]
[Source "ChessBase"]
[SourceDate "2022.10.05"]
[SourceVersion "1"]
[SourceVersionDate "2022.10.05"]
[SourceQuality "1"]

1. e4 c5 2. Nf3 d6 3. c3 Nf6 4. h3 Nc6 5. Bd3 g6 6. Bc2 Bg7 7. d4 0-0 8. 0-0 e6 9. Re1 a6 10. d5 exd5 11. exd5 Ne7 12. c4 Bf5 13. Nc3 Rb8 14. Bf4 b5 15. cxb5 axb5 16. Rc1 Bxc2 17. Rxc2 b4 18. Ne4 Nxe4 19. Rxe4 Re8 20. Rce2 Qd7 21. Qe1 Kf8 22. Ng5 f5 23. Re6 Rb6 24. Nxh7+ Kf7 25. Ng5+ Kf8 26. Nf3 c4 27. Bg5 Rb7 28. Nh4 Kf7 29. Bxe7 Rxe7 30. Rxe7+ Qxe7 31. Rxe7+ Rxe7 32. Qxb4 c3 33. bxc3 Re1+ 34. Kh2 Be5+ 35. g3 Re2 36. Qb7+ Kf6 37. Kg2 Rxa2 38. Nf3 Bxc3 39. Qc6 Bb4 40. Qc4 Rb2 41. Qd4+ 1-0

[Event "Titled Tuesday intern op 19th Apr Early"]
[Site "Chess.com INT"]
[Date "2022.04.19"]
[Round "4"]
[White "Petre, Nad Titus"]
[Black "Krylov, Ivan"]
[Result "1-0"]
[WhiteElo "2297"]
[BlackElo "2426"]
[PlyCount "123"]
[EventDate "2022.04.19"]
[EventType "swiss (blitz)"]
[EventRounds "11"]
[EventCountry "USA"]
[SourceTitle "EXT 2023"]
[Source "ChessBase"]
[SourceDate "2022.10.05"]
[SourceVersion "1"]
[SourceVersionDate "2022.10.05"]
[SourceQuality "1"]

1. d4 d5 2. Bf4 Nf6 3. e3 c5 4. Nc3 a6 5. dxc5 Nc6 6. Nf3 Bf5 7. Nd4 Nxd4 8. exd4 e6 9. Bd3 Bxd3 10. Qxd3 Be7 11. 0-0 0-0 12. Rfe1 Rc8 13. Na4 Nd7 14. Rac1 Qa5 15. b3 Bd8 16. Bd6 Re8 17. c4 Nf6 18. Qc3 Ne4 19. Qxa5 Bxa5 20. Re2 Red8 21. Be5 f6 22. Bg3 Kf7 23. f3 Nxg3 24. hxg3 Bc7 25. Kf2 Ba5 26. g4 h6 27. cxd5 Rxd5 28. Rc4 Rcd8 29. b4 Bc7 30. Ke3 g5 31. Nc3 Bf4+ 32. Kd3 R5d7 33. Re4 e5 34. d5 Bc1 35. a4 Bb2 36. d6 Bxc3 37. Rxc3 Ke6 38. Kc4 Rc8 39. Rd3 b6 40. g3 bxc5 41. bxc5 Rc6 42. f4 gxf4 43. gxf4 Rg7 44. fxe5 fxe5 45. Rd5 Rc8 46. Rdxe5+ Kd7 47. Re7+ Rxe7 48. Rxe7+ Kc6 49. Rc7+ Rxc7 50. dxc7 Kxc7 51. Kd5 Kd7 52. c6+ Kc7 53. Kc5 Kb8 54. Kb6 Kc8 55. Kxa6 Kc7 56. Kb5 Kc8 57. Kb6 Kb8 58. a5 Kc8 59. a6 Kb8 60. a7+ Ka8 61. c7 h5 62. c8Q# 1-0

[Event "Titled Tuesday intern op 29th Mar Early"]
[Site "Chess.com INT"]
[Date "2022.03.29"]
[Round "8"]
[White "Krylov, Ivan"]
[Black "Fernandez Sanchez, Mario Andres"]
[Result "1-0"]
[WhiteElo "2426"]
[BlackElo "2096"]
[PlyCount "65"]
[EventDate "2022.03.29"]
[EventType "swiss (blitz)"]
[EventRounds "11"]
[EventCountry "USA"]
[SourceTitle "CBM 207 Extra"]
[Source "ChessBase"]
[SourceDate "2022.05.31"]
[SourceVersion "1"]
[SourceVersionDate "2022.05.31"]
[SourceQuality "1"]

1. e4 c6 2. d4 d5 3. exd5 cxd5 4. c4 Nf6 5. Nc3 Nc6 6. Nf3 Bg4 7. cxd5 Nxd5 8. Qb3 Bxf3 9. gxf3 Nxc3 10. bxc3 Qb6 11. Qxb6 axb6 12. Bc4 Rc8 13. Bd3 e5 14. dxe5 Nxe5 15. Be4 Be7 16. 0-0 0-0 17. Rb1 Rxc3 18. Bb2 Rc5 19. Bd4 Ra5 20. Rxb6 Bf6 21. Rxb7 Rxa2 22. Bc5 Re8 23. f4 Nd7 24. Bxh7+ Kxh7 25. Rxd7 Kg6 26. Be3 Rd8 27. Rxd8 Bxd8 28. Rd1 Bf6 29. Kg2 Kf5 30. Rd5+ Ke6 31. Rb5 Ra6 32. Rb6+ Kf5 33. Rxa6 1-0

[Event "Titled Tuesday intern op 29th Mar Early"]
[Site "Chess.com INT"]
[Date "2022.03.29"]
[Round "5"]
[White "Mangialardo, Tiago Carvalho"]
[Black "Krylov, Ivan"]
[Result "1-0"]
[WhiteElo "1965"]
[BlackElo "2426"]
[PlyCount "107"]
[EventDate "2022.03.29"]
[EventType "swiss (blitz)"]
[EventRounds "11"]
[EventCountry "USA"]
[SourceTitle "CBM 207 Extra"]
[Source "ChessBase"]
[SourceDate "2022.05.31"]
[SourceVersion "1"]
[SourceVersionDate "2022.05.31"]
[SourceQuality "1"]

1. e4 c6 2. d4 d5 3. exd5 cxd5 4. Bd3 Nf6 5. Nf3 Bg4 6. 0-0 e6 7. Bf4 Bd6 8. Be3 Nc6 9. c3 0-0 10. Nbd2 Rc8 11. Rc1 a6 12. Qb3 Qc7 13. h3 Bh5 14. Rfe1 Bg6 15. Bxg6 hxg6 16. a3 b5 17. Qc2 Na5 18. Qd3 Nc4 19. Rc2 Nd7 20. Nb3 Ndb6 21. Nc5 Bxc5 22. dxc5 Nd7 23. b4 Qb7 24. Ra2 Nde5 25. Nxe5 Nxe5 26. Qd4 Nc4 27. Bf4 Rce8 28. Bg3 f6 29. a4 e5 30. Qg4 Kf7 31. axb5 axb5 32. Rea1 Ra8 33. Rxa8 Rxa8 34. Rxa8 Qxa8 35. Qd7+ Kg8 36. Qxb5 Qa1+ 37. Kh2 Qxc3 38. c6 Nd6 39. Qxd5+ Nf7 40. b5 f5 41. b6 f4 42. Bh4 g5 43. Bxg5 Kf8 44. b7 Qb4 45. Qd7 Nxg5 46. Qc8+ Kf7 47. Qc7+ Kg6 48. b8Q Qe4 49. Qe8+ Kh6 50. Qh8+ Nh7 51. Qcxg7+ Kh5 52. Qgxh7+ Qxh7 53. Qxh7+ Kg5 54. Qg7+ 1-0

[Event "Titled Tuesday intern op 29th Mar Early"]
[Site "Chess.com INT"]
[Date "2022.03.29"]
[Round "9"]
[White "Silva, Mariana Sofia Teixe"]
[Black "Krylov, Ivan"]
[Result "0-1"]
[WhiteElo "1929"]
[BlackElo "2426"]
[PlyCount "112"]
[EventDate "2022.03.29"]
[EventType "swiss (blitz)"]
[EventRounds "11"]
[EventCountry "USA"]
[SourceTitle "CBM 207 Extra"]
[Source "ChessBase"]
[SourceDate "2022.05.31"]
[SourceVersion "1"]
[SourceVersionDate "2022.05.31"]
[SourceQuality "1"]

1. d4 d5 2. c4 e6 3. Nf3 Nf6 4. g3 Bb4+ 5. Bd2 Bxd2+ 6. Qxd2 0-0 7. Bg2 dxc4 8. 0-0 Nc6 9. Na3 Bd7 10. Nxc4 Nd5 11. e4 Nf6 12. Rfe1 Ne7 13. Rac1 Bc6 14. Nfe5 Rc8 15. Na5 Rb8 16. Naxc6 Nxc6 17. Nxc6 bxc6 18. Rxc6 Qd7 19. Rec1 Rfc8 20. d5 exd5 21. exd5 Rb5 22. d6 Ne8 23. a4 Rb6 24. a5 Rxc6 25. Rxc6 Nxd6 26. Qc3 Nb5 27. Qc4 Nd6 28. Qc3 Nb5 29. Qc5 Rb8 30. h4 Qd1+ 31. Kh2 Qd7 32. Bh3 Qd8 33. Qe5 Nd6 34. Bg2 h6 35. Qc3 Nb5 36. Qc5 Qc8 37. Bh3 Qd8 38. Bg2 Rb7 39. Bf1 Rb8 40. Bxb5 a6 41. Bf1 Rxb2 42. Bg2 Qd2 43. Rxc7 Qxf2 44. Rc8+ Kh7 45. Qd5 Qd2 46. Qxd2 Rxd2 47. Kh3 Ra2 48. Rc5 Ra4 49. Bd5 Ra3 50. Bxf7 g6 51. Be6 Kg7 52. Bc8 Kf6 53. Bxa6 Ra1 54. Bc4 Ra3 55. Rc6+ Kf5 56. a6 Ke5 0-1

[Event "Titled Tuesday intern op 22 Mar Early"]
[Site "Chess.com INT"]
[Date "2022.03.22"]
[Round "2"]
[White "Bethke, Richard"]
[Black "Krylov, Ivan"]
[Result "1-0"]
[WhiteElo "2327"]
[BlackElo "2426"]
[PlyCount "79"]
[EventDate "2022.03.22"]
[EventType "swiss (blitz)"]
[EventRounds "11"]
[EventCountry "USA"]
[SourceTitle "CBM 207 Extra"]
[Source "ChessBase"]
[SourceDate "2022.05.31"]
[SourceVersion "1"]
[SourceVersionDate "2022.05.31"]
[SourceQuality "1"]

1. e4 c6 2. Nf3 d5 3. Nc3 dxe4 4. Nxe4 Nd7 5. Bc4 Ndf6 6. Neg5 e6 7. Ne5 Nh6 8. d4 Bd6 9. 0-0 0-0 10. Qf3 Qc7 11. Bf4 Nd5 12. Bg3 Nf5 13. Qh5 h6 14. Ngxf7 Rxf7 15. Nxf7 Qxf7 16. Qxf7+ Kxf7 17. Bxd6 Nxd6 18. Bb3 Bd7 19. Rfe1 Re8 20. Re5 Nf4 21. Rae1 Ng6 22. R5e3 Nf5 23. Rf3 Ngh4 24. Rf4 g5 25. Rfe4 Kf6 26. f4 Ng6 27. fxg5+ hxg5 28. Rf1 Kg7 29. c3 Nd6 30. Rg4 Kh6 31. Rf6 Nf5 32. h4 Nfxh4 33. Bc2 Nf5 34. Bxf5 exf5 35. Rg3 Kg7 36. Rd6 Bc8 37. Rxg5 Re6 38. Rd8 Kf6 39. Rg3 Ne7 40. Rf8# 1-0

[Event "Titled Tuesday intern op 22 Mar Early"]
[Site "Chess.com INT"]
[Date "2022.03.22"]
[Round "5"]
[White "Przybylski, Wojciech"]
[Black "Krylov, Ivan"]
[Result "1-0"]
[WhiteElo "2321"]
[BlackElo "2426"]
[PlyCount "21"]
[EventDate "2022.03.22"]
[EventType "swiss (blitz)"]
[EventRounds "11"]
[EventCountry "USA"]
[SourceTitle "CBM 207 Extra"]
[Source "ChessBase"]
[SourceDate "2022.05.31"]
[SourceVersion "1"]
[SourceVersionDate "2022.05.31"]
[SourceQuality "1"]

1. e4 c6 2. d4 d5 3. e5 c5 4. c4 Nc6 5. Nf3 dxc4 6. d5 Nb4 7. Bxc4 Bg4 8. 0-0 g6 9. a3 Na6 10. h3 Bxf3 11. Bb5+ 1-0

[Event "Titled Tuesday intern op 22 Mar Early"]
[Site "Chess.com INT"]
[Date "2022.03.22"]
[Round "11"]
[White "Rosen, Eric S"]
[Black "Krylov, Ivan"]
[Result "1-0"]
[WhiteElo "2359"]
[BlackElo "2426"]
[PlyCount "151"]
[EventDate "2022.03.22"]
[EventType "swiss (blitz)"]
[EventRounds "11"]
[EventCountry "USA"]
[SourceTitle "CBM 207 Extra"]
[Source "ChessBase"]
[SourceDate "2022.05.31"]
[SourceVersion "1"]
[SourceVersionDate "2022.05.31"]
[SourceQuality "1"]

1. e4 c6 2. Nf3 d5 3. Nc3 dxe4 4. Nxe4 Nd7 5. Bc4 Ndf6 6. Qe2 Nxe4 7. Qxe4 Nf6 8. Ne5 e6 9. Qe2 Bd6 10. d4 0-0 11. Bg5 Qa5+ 12. c3 Nd5 13. Bd3 Nxc3 14. Qd2 Bxe5 15. bxc3 Bd6 16. h4 e5 17. Be3 exd4 18. Bxd4 Bf5 19. Qg5 Rfe8+ 20. Kd2 g6 21. Bxf5 Qxf5 22. Qxf5 gxf5 23. Rh3 c5 24. Bf6 Re6 25. Bg5 h6 26. Rb1 hxg5 27. hxg5 Bf4+ 28. Kc2 Re2+ 29. Kd3 Rd2+ 30. Kc4 Bxg5 31. Rbh1 Bf6 32. Rf3 Kf8 33. Rh5 Rxa2 34. Rhxf5 Ra4+ 35. Kb3 Ra6 36. Rxf6 Rxf6 37. Rxf6 Ke7 38. Rf5 b6 39. Ka4 Rg8 40. g3 Rd8 41. Kb5 Rd3 42. c4 Ra3 43. Rf4 Ra2 44. Kc6 a5 45. Kxb6 a4 46. Kxc5 a3 47. Kb4 Ra1 48. Kb3 a2 49. Kb2 Rh1 50. Kxa2 Rc1 51. Kb3 Rd1 52. Kc2 Ra1 53. Kd3 Ra2 54. Kd4 Rc2 55. Kc5 Rc1 56. Kb5 Rc2 57. c5 f6 58. Kc6 Rc3 59. Kb6 Rc2 60. c6 Rb2+ 61. Kc7 Rc2 62. Re4+ Kf7 63. f4 Rb2 64. g4 Rb5 65. Kd7 Rd5+ 66. Kc8 Rc5 67. c7 f5 68. gxf5 Kf6 69. Re5 Rc6 70. Kd7 Rc1 71. c8Q Rd1+ 72. Ke8 Rd8+ 73. Qxd8+ Kg7 74. Qg5+ Kh7 75. Re7+ Kh8 76. Qg7# 1-0

[Event "Titled Tuesday intern op 08th Mar Early"]
[Site "Chess.com INT"]
[Date "2022.03.08"]
[Round "3"]
[White "Krylov, Ivan"]
[Black "Politov, Pavel Y"]
[Result "0-1"]
[WhiteElo "2426"]
[BlackElo "2190"]
[PlyCount "120"]
[EventDate "2022.03.08"]
[EventType "swiss (blitz)"]
[EventRounds "11"]
[EventCountry "USA"]
[SourceTitle "CBM 207 Extra"]
[Source "ChessBase"]
[SourceDate "2022.05.31"]
[SourceVersion "1"]
[SourceVersionDate "2022.05.31"]
[SourceQuality "1"]

1. e4 c5 2. Nf3 d6 3. c3 Nf6 4. h3 Nc6 5. Bd3 e5 6. Bc2 g6 7. 0-0 Bg7 8. d4 0-0 9. Bg5 h6 10. Be3 Qe7 11. d5 Nd8 12. Qd2 Kh7 13. Na3 Ne8 14. c4 f5 15. Nb5 f4 16. Bxc5 dxc5 17. Qa5 b6 18. Qd2 Nd6 19. Nxd6 Qxd6 20. Qc3 Nf7 21. Ba4 Bd7 22. Bb3 Qe7 23. Rad1 Nd6 24. a4 a5 25. Bc2 Kg8 26. Bb1 Kf7 27. Qb3 Rab8 28. Rd2 Bf6 29. Qc3 g5 30. Nh2 h5 31. f3 Rg8 32. b3 Rbf8 33. Bd3 Rg7 34. Be2 Rfg8 35. Bd1 Qd8 36. Rff2 Qc8 37. Be2 g4 38. fxg4 hxg4 39. Bxg4 Nxe4 40. Bxd7 Qxd7 41. Qd3 Nxd2 42. Rxd2 Qd6 43. Ng4 Rxg4 44. hxg4 Rxg4 45. Qh7+ Rg7 46. Qh5+ Ke7 47. Qf3 Qd7 48. d6+ Kf8 49. Qa8+ Kf7 50. Qd5+ Qe6 51. Qb7+ Kg6 52. Qxb6 e4 53. Qxc5 e3 54. Re2 Rd7 55. Qxa5 Qxd6 56. Qe1 Qd1 57. Kf1 Qxe1+ 58. Rxe1 Bh4 59. Re2 Rd1+ 60. Re1 Rxe1# 0-1

[Event "Titled Tuesday intern op 08th Mar Early"]
[Site "Chess.com INT"]
[Date "2022.03.08"]
[Round "1"]
[White "Krylov, Ivan"]
[Black "Talibov, Shiroghlan"]
[Result "0-1"]
[WhiteElo "2426"]
[BlackElo "2318"]
[PlyCount "104"]
[EventDate "2022.03.08"]
[EventType "swiss (blitz)"]
[EventRounds "11"]
[EventCountry "USA"]
[SourceTitle "CBM 207 Extra"]
[Source "ChessBase"]
[SourceDate "2022.05.31"]
[SourceVersion "1"]
[SourceVersionDate "2022.05.31"]
[SourceQuality "1"]

1. e4 c5 2. Nf3 d6 3. c3 Nf6 4. h3 Nc6 5. Bd3 g6 6. Bc2 Bg7 7. 0-0 0-0 8. d4 cxd4 9. cxd4 d5 10. e5 Ne4 11. Re1 Bf5 12. Nc3 Nxc3 13. bxc3 Bxc2 14. Qxc2 Rc8 15. Bd2 Na5 16. Qa4 b6 17. e6 f5 18. Rac1 Qd6 19. Ng5 Rc4 20. Qd7 Rd8 21. Qxa7 Rdc8 22. Nf7 Qc7 23. Qxc7 R4xc7 24. Rb1 Nc4 25. Bf4 Rc6 26. Rb3 Ra8 27. Re2 Ra3 28. Bg5 Kf8 29. Bh6 Bxh6 30. Nxh6 Ra6 31. g4 Kg7 32. g5 Nd6 33. Reb2 Ne4 34. h4 Rxe6 35. f3 Ng3 36. Kf2 Nh5 37. Rb5 Rd6 38. Re2 Nf4 39. Reb2 Nd3+ 40. Ke3 Nxb2 41. Rxb2 Re6+ 42. Kd3 Ra3 43. Rc2 Rc6 44. Kd2 b5 45. Rb2 Rcxc3 46. Rxb5 Rxf3 47. Rxd5 Rxa2+ 48. Ke1 Rh3 49. Nxf5+ gxf5 50. Rxf5 Rh1+ 51. Rf1 Ra1+ 52. Ke2 Raxf1 0-1